| 000 | 01273nam a2200409 a 4500 | ||
|---|---|---|---|
| 001 | zsterl b37816 | ||
| 003 | DLC | ||
| 005 | 20241220110627.0 | ||
| 008 | 950717s1995 mnu 00001 eng u | ||
| 010 | _a94049703 //r95 | ||
| 020 |
_a1556616120 : _c$8.99 |
||
| 035 | _a9509000472 | ||
| 035 | _a1-556-61612-0 | ||
| 040 | _erda | ||
| 050 | 0 | 0 |
_aPR9199.3.O38 _bB57 1994 |
| 082 | 0 | 0 | _a813/.54 |
| 092 | _aF | ||
| 099 | _aF Oke | ||
| 100 | 1 |
_aOke, Janette, _d1935- |
|
| 245 | 1 | 4 |
_aThe bluebird and the sparrow / _cJanette Oke. |
| 260 |
_aMinneapolis, Minn. : _bBethany House Publishers, _cc1994. |
||
| 264 | 4 |
_aMinneapolis, Minn. : _bBethany House Publishers, _cc1994. |
|
| 300 |
_a251 p. ; _c22 cm. |
||
| 336 | _atext | ||
| 337 | _aunmediated | ||
| 338 | _avolume | ||
| 440 | 0 |
_aWomen of the West. _942996 |
|
| 650 | 0 |
_aFrontier and pioneer life _zWest (U.S.) _xFiction. _96419383 |
|
| 650 | 0 |
_aWomen pioneers _zWest (U.S.) _xFiction. _96419384 |
|
| 650 | 0 |
_aSisters _zWest (U.S.) _xFiction. _96419385 |
|
| 655 | 7 | _aChristian fiction. | |
| 655 | 7 | _aDomestic fiction. | |
| 655 | 7 | _aWestern stories. | |
| 800 | 1 |
_aOke, Janette, _d1935- _tWomen of the West. _942214 |
|
| 907 | _a.b137944664 | ||
| 942 |
_2ddc _cBOOK |
||
| 999 |
_c15472 _d15472 |
||